Statistiques concernant Tourisme en Champagne-Ardenne

Cliquez ici pour prendre le quiz!

Statistiques générales

  • Ce quiz a été pris 110 fois
  • Le résultat moyen est 6 sur 20

Statistiques - réponses

Site TouristiqueVille% Correct
Cathédrale Notre-DameReims
98%
Avenue de ChampagneEpernay
80%
Musée RimbaudCharleville-Mézières
69%
Chateau fort (ou Chateau-haut)Sedan
67%
Porte Sainte-CroixChâlons-en-Champagne
65%
Musée de l'Outil et de la Pensée OuvrièreTroyes
65%
Mémorial Charles de GaulleColombey-les-deux-Églises
44%
Hêtres tortillardsVerzy
20%
Mémorial des Batailles de la MarneDormans
18%
Statue de Urbain IIChâtillon-sur-Marne
16%
WoinicSaulces-Monclin
14%
Musée du FeutreMouzon
10%
Rocher des 4 Fils AymonBogny-sur-Meuse
9%
Du côté des RenoirEssoyes
9%
Musée de la vigneVerzenay
9%
Fort des AyvellesVillers-Semeuse
9%
Grenier Saint-HonoréFismes
8%
Porte BaudetVertus
8%
Église Saint Jean-Baptiste et sa mise au tombeauChaource
4%
Moulin de la FleuristerieOrges
4%

Distribution des résultats

Percentile par nombre de réponses

% des personnes avec chaque résultat

Votre développement - résultats

Vous n’avez pas pris ce quiz